Advanced Engineering Mathematics (Record no. 1178)

MARC details
000 -LEADER
fixed length control field 00332nam a22001337a 4500
005 - DATE AND TIME OF LATEST TRANSACTION
control field 20180425123600.0
008 - FIXED-LENGTH DATA ELEMENTS--GENERAL INFORMATION
fixed length control field 160520b xxu||||| |||| 00| 0 eng d
041 ## - LANGUAGE CODE
Language code of text/sound track or separate title eng
082 ## - DEWEY DECIMAL CLASSIFICATION NUMBER
Item number 3446
Classification number 510.2462
100 ## - MAIN ENTRY--AUTHOR NAME
Personal name Kreyszig ervin
245 ## - TITLE STATEMENT
Title Advanced Engineering Mathematics
650 ## - SUBJECT ADDED ENTRY--TOPICAL TERM
Topical Term DIPLOMA ENGINEERING
942 ## - ADDED ENTRY ELEMENTS (KOHA)
Koha item type Books
Holdings
Lost status Damaged status Collection code Home library Current library Shelving location Date acquired Cost, normal purchase price Full call number Accession Number Koha item type
    CS/IT JRU Library JRU Library SHELF-57-I 20/05/2016 619.00 510.2462 3446 Books